000 00343pab a2200145 454500
008 180718b1985 xxu||||| |||| 00| 0 eng d
100 _aRaja, S.
245 _aBudget gives boost to leather industry
260 _c1985
300 _a13-15
362 _a29 Apr.
650 _aLeather Industry and Trade
773 _aCapital
909 _a12432
999 _c12432
_d12432